000 00575cam a2200145 4500500
005 20251228090849.0
041 _afre
042 _adc
100 1 0 _aHaye, François
_eauthor
245 0 0 _aMatthieu Giroux, Charles Péguy. Un enfant contre le monde moderne. Editions Vraiment Alternatifs, 85 p., 10 €.
260 _c2018.
500 _a17
786 0 _nBulletin de l’Amitié Charles Péguy | 164 | 4 | 2018-04-23 | p. 387-388 | 0180-8567
856 4 1 _uhttps://shs.cairn.info/revue-bulletin-de-lamitie-charles-peguy-2018-4-page-387?lang=fr&redirect-ssocas=7080
999 _c1602801
_d1602801